000 00394nam a2200169Ia 4500
008 230524s9999 xx 000 0 und d
020 _a9789332901339
082 _a620.106
_bSUB
100 _aK Subramanya
245 0 _aFlow In Open Channels
250 _a4
260 _aNew Delhi
_bMGH
_c2015
300 _a"xiv,588p;"
500 _aQuantity Number: 6
650 _aCivil
942 _cBK
999 _c59856
_d59856